Ναυάγια : ένας τυχοδιώκτης στον νέο κόσμο
Saved in:
| Main Author: | |
|---|---|
| Format: | Book |
| Language: | Greek Spanish |
| Published: |
ΑΘήνα :
Στοχαστής,
1995.
|
| Series: | Ταξίδια - Ανακαλύψεις (Στοχαστής)
|
| Subjects: | |
| Tags: |
Add Tag
No Tags, Be the first to tag this record!
|
MARC
| LEADER | 00000cam a2200000 i 4500 | ||
|---|---|---|---|
| 001 | 1/80647 | ||
| 008 | 050712s1995 gr | ||| |||| ||gre|| | ||
| 020 | |a 9603030325 | ||
| 035 | |l 10079077 | ||
| 040 | |a GR-MyUa |b gre |e AACR2 | ||
| 041 | 1 | |a gre |h spa | |
| 082 | 7 | |a 917.28 |2 (22) | |
| 100 | 1 | |a Nunez Cabeza de Vaca, Alvar, |d active 16th century. | |
| 245 | 1 | 0 | |a Ναυάγια : |b ένας τυχοδιώκτης στον νέο κόσμο / |c Αλβάρ Νουνιέθ Καβέθα Ντε Βάκα ; εισαγωγή, μετάφραση, σχόλια: Νίκος Πρατσίνης. |
| 260 | |a ΑΘήνα : |b Στοχαστής, |c 1995. | ||
| 300 | |a 239 σ. : |b εικ., χάρτ. ; |c 21 εκ. | ||
| 490 | 1 | |a (Ταξίδια - Ανακαλύψεις / Στοχαστής) | |
| 500 | |a Τίτλος πρωτοτύπου: Naufragios. | ||
| 500 | |a Η μετάφραση του παρόντος έργου έγινε με την αρωγή του Υπουργείου Πολιτισμού της Ισπανίας. | ||
| 504 | |a Βιβλιογραφία: σ. 237-239. | ||
| 600 | 1 | 0 | |a Nunez Cabeza de Vaca, Alvar, |d active 16th century. |
| 650 | 0 | |a Explorers |z America |x Biography. | |
| 650 | 0 | |a Explorers |z Spain |x Biography. | |
| 650 | 0 | |a Indians of North America. | |
| 651 | 0 | |a America |x Discovery and exploration. | |
| 651 | 0 | |a America |y Early accounts to 1600. | |
| 651 | 0 | |a Southern States |x Description and travel. | |
| 830 | 0 | |a Ταξίδια - Ανακαλύψεις (Στοχαστής) | |
| 852 | |a INST |b CHIOS |e 20230711 |h 917.28 NUN |p 005200040427 |q 005200040427 |t BK |y 0 | ||
| 852 | |a INST |b LESVOS |e 20050712 |h 970.016 NUN |p 005100032074 |q 005100032074 |t BK |y 0 | ||
| 852 | |a INST |b RHODES |e 20131213 |h 970.016 NUN |p 005400035906 |q 005400035906 |t BK |y 0 | ||
| 852 | |a INST |b SAMOS |e 20150707 |h 917.28 NUN |p 005300042332 |q 005300042332 |t BK |y 0 | ||
| 852 | |a INST |b SYROS |e 20140113 |h 917.28 NUN |p 005500011211 |q 005500011211 |t BK |y 0 | ||
| 901 | |a BIBL5-2013-1 | ||
| 901 | |a BIBL1-2005-2 | ||
| 901 | |a BIBL4-2013-3 | ||
| 970 | |a Καρά |b Γιασεμή |z 12/07/2005 | ||